Escritos presentados por parte del Ilmo. i Rvdo. Arzobispo de Santiago en los juicios promovidos por los señores don José María, don José Vicente. don Elías i don José Manuel Balmaceda sobre derecho a los réditos de los censos de Bucalemu

Guardat en:
Dades bibliogràfiques
Autor principal: Valdivieso, José Matías (Autor)
Format: Llibre
Idioma:espanyol
Publicat: Santiago Imprenta de El Correo 1881
Edició:1a. ed
Matèries:
Etiquetes: Afegir etiqueta
Sense etiquetes, Sigues el primer a etiquetar aquest registre!

MARC

LEADER 00000nam a2200000 a 4500
001 UCJ8698
003 CL-VaPUC
008 070124e18810000CL |||||||||||||||||spa|d
082 0 4 |a 983  |b VAL  |2 21 
100 0 |a Valdivieso, José Matías  |e author  |9 517589 
245 1 0 |a Escritos presentados por parte del Ilmo. i Rvdo. Arzobispo de Santiago en los juicios promovidos por los señores don José María, don José Vicente. don Elías i don José Manuel Balmaceda sobre derecho a los réditos de los censos de Bucalemu 
250 |a 1a. ed 
300 |a 132 p 
942 |c BK 
945 |d 20070124 00:00:00  |a rinostro 
260 |a Santiago  |b Imprenta de El Correo  |c 1881 
650 0 |a Juicios civiles  |9 506779 
650 0 |a Historia de Chile  |9 265473 
650 0 |a Iglesia y Estado  |9 254995 
583 |a last modification  |c 20070124 00:00:00  |k Rodrigo Vera 
999 |c 324357  |d 324355 
952 |0 0  |1 0  |4 0  |6 983_000000000000000_VAL_1881  |7 0  |8 X  |9 404451  |a FDOBUD  |b FDOBUD  |d 2019-11-22  |i 1082396  |o 983 VAL 1881  |p 1082396  |r 2019-11-22  |w 2019-11-22  |y BK_X  |k BUD